Statistics for Capitals Starting With A And Ending In A Consonant

Click here to take the quiz!

General Stats

  • This quiz has been taken 16 times
  • The average score is 4 of 6

Answer Stats

Answer% Correct
Amsterdam
81%
Athens
81%
Algiers
75%
Amman
75%
Asuncion
63%
Ashgabat
50%

Score Distribution

Percentile by Number Answered

Percent of People with Each Score

Your Score History

You have not taken this quiz